000 00490cam a2200169ua 4500
020 _c20.OO
041 _aeng
_h
082 _a307.14
_bBIS/MI
100 _aBishwa Bandhu, Chatterjee .
245 _aMicro-studies in community development, Panchayati raj and co-operation /
_cBishwa Bandhu Chatterjee.
_hTextual Documents
260 _aDelhi :
_bSterling publishers pvt Ltd ,
_c1969.
300 _a213 ; .
365 _a20.OO
504 _a
942 _cBK
999 _c1636
_d1636